LEADER 01786namaa2200337 i 4500 001 000000178667 003 CaOOAMICUS 005 20260414125828.0 007 tu 008 260414s2025 it m 000 u ita r 040 $aPUL$bita$erda 100 1 $aPistore, Vittorio,$csacerdote,$d1985-,$eautore dissertazione.$0(OLS)http://pul/name/114970 245 10$aCharles de Foucauld: un presbitero fratello : $banalisi teologico-spirituale dell'esperienza del ministero ordinato in Charles nella dimensione della fraternità /$cVittorio Pistore. 264 1$aPadova :$bFacoltà Teologica del Triveneto,$c[2025] 300 $a326 pagine ; $c24 cm 336 $atesto$btxt$2rdacontent 337 $asenza mediazione$bn$2rdamedia 338 $avolume$bnc$2rdacarrier 500 $aData della pubblicazione desunta da verso del front: Imprimi potest 5 maggio 2025. 504 $aBibliografia: pagine [311]-324. 600 14$aFoucauld, Charles Eugène de,$cb.,$d1858-1916.$0(OLS)http://pul/subject/14279 710 2 $aFacoltà Teologica del Triveneto.$kTesi.$0(OLS)http://pul/name/86198 850 $aPUL 852 $aPUL$W1$xDP1 Tesi Varie$y51$m2025 B 9$j202360$qTesi $B207834$CPULBib$Z2$F207834 $Hnull $82 941 1 $a16 960 $aCharles Eugène de Foucauld,$cb.,$d1858-1916 $914279 960 $aCarolus Eugène de Foucauld,$cb.,$d1858-1916$914279 960 $aDe Foucauld, Charles Eugène, $cb.,$d1858-1916$914279 996 $6245$aCharles de Foucauld: un presbitero fratello : $banalisi teologico-spirituale dell'esperienza del ministero ordinato in Charles nella dimensione della fraternità$9(OLS)http://pul/title/220243 996 $6264$aPadova :$bFacoltà Teologica del Triveneto$9(OLS)http://pul/publisher/80058